| 000 | 00944nam a22002177a 4500 | ||
|---|---|---|---|
| 003 | AM-YeHGA | ||
| 040 | _aAM-YeHGA | ||
| 090 | _c448993 | ||
| 005 | 20250617160117.0 | ||
| 008 | 200123b ||||| |||| 00| 0 rus d | ||
| 041 | 0 | _arus | |
| 100 | 1 | _aКрупеников, Игорь Аркадьевич. | |
| 245 | 1 | 0 |
_aВеликий русский ученый В. В. Докучаев. [1846-1903] / _cИ. А. и Л. А. Крупениковы |
| 260 |
_aМосква : _bВоен. изд-во, _c1950 |
||
| 300 |
_a112 с., 2 л. ил., карт.; _bил., карт. |
||
| 440 | 0 | _aНаучно-популярная библиотека солдата и матроса | |
| 600 | 1 | 4 | _aДокучаев, Василий Васильевич |
| 653 | 0 | _aПочвенные исследования - Европейская часть СССР | |
| 700 | 1 | _aКрупеников, Лев Аркадьевич | |
| 942 |
_2udc _cBK |
||
| 999 |
_c446125 _d446125 |
||